Sports Quiz

Random Sports or NBA Quiz

NBA 21 and Under All-Stars Quiz Stats

 Plays Quiz Updated Dec 5, 2018

Challenge
Share
Tweet
Embed
Score 0/27 Timer 05:00
4 Plays Today
Season Player % Correct
2004-05LeBron James
88.2%
2005-06LeBron James
88.2%
1997-98Kobe Bryant
87.1%
1999-00Kobe Bryant
87.1%
1984-85*Michael Jordan
77.3%
1979-80*Magic Johnson
65.7%
1992-93Shaquille O'Neal
63.2%
1993-94Shaquille O'Neal
63.2%
2010-11Blake Griffin
61.4%
1996-97Kevin Garnett
60.4%
1997-98Kevin Garnett
60.4%
2009-10Kevin Durant
58.3%
2009-10Derrick Rose
48.6%
2012-13Kyrie Irving
48%
Season Player % Correct
2013-14Kyrie Irving
48%
2013-14Anthony Davis
46.9%
1997-98Tim Duncan
45.3%
2006-07Dwight Howard
44.6%
2000-01Tracy McGrady
35.7%
2005-06Chris Bosh
30.8%
1981-82*Isiah Thomas
26.7%
1982-83*Isiah Thomas
26.7%
1981-82Buck Williams
19.7%
1965-66*Rick Barry
10.2%
1997-98Antoine Walker
7.9%
1975-76Alvan Adams
1.9%
1975-76John Drew
1.9%

You're not logged in!

Compare scores with friends on all Sporcle quizzes.
OR
Log In

You Might Also Like...

Show Comments

Extras

Top Quizzes Today


Score Distribution

Your Account Isn't Verified!

In order to create a playlist on Sporcle, you need to verify the email address you used during registration. Go to your Sporcle Settings to finish the process.

Report this User

Report this user for behavior that violates our Community Guidelines.

Details: